La crisis fiscal del estado: apéndice: lucha de clases y crisis fiscal en la década de los ochenta /
El texto se encuentra enfocado en la realidad de la crisis fiscal en la década de los 60 y 70 en Estados Unidos. Explica que la crisis de desata cuando los gastos públicos son mayores que los ingresos y los sectores no quieren comprometerse a pagar más impuestos pero mantienen sus demandas. A partir...
Gespeichert in:
| Format: | Unbekannt |
|---|---|
| Sprache: | Spanish |
| Veröffentlicht: |
España :
Ediciones Península
|
| Schriftenreihe: | Homo sociologicus
n° 24 |
| Schlagworte: | |
| Tags: |
Tag hinzufügen
Keine Tags, Fügen Sie den ersten Tag hinzu!
|
MARC
| LEADER | 00000 a2200000 04500 | ||
|---|---|---|---|
| 001 | 44576 | ||
| 003 | cru CIDCACS/IIS | ||
| 005 | 20161025152937.0 | ||
| 008 | 050603s1981 sp spa d | ||
| 020 | |a 84-297-1792-7 | ||
| 022 | |a 84-297-1792-7 | ||
| 040 | |c cru CIDCACS/IIS | ||
| 090 | |a 1002 O18c | ||
| 245 | |a La crisis fiscal del estado: |b apéndice: lucha de clases y crisis fiscal en la década de los ochenta / |c James O'Connor, prólogo de Francisco Murillo | ||
| 260 | |a España : |b Ediciones Península | ||
| 300 | |a 341 páginas | ||
| 440 | |a Homo sociologicus |v n° 24 | ||
| 520 | |a El texto se encuentra enfocado en la realidad de la crisis fiscal en la década de los 60 y 70 en Estados Unidos. Explica que la crisis de desata cuando los gastos públicos son mayores que los ingresos y los sectores no quieren comprometerse a pagar más impuestos pero mantienen sus demandas. A partir de esto se desarrolla su discusión con respecto a los gastos que debe asumir el Estado y las responsabilidades fiscales de empresas e individuos para que la maquinaria estatal funcione. Consiste en 14 capítulos y aborda temas como la explicación del capitalismo norteamericano, la crisis, la inversión social, la financiación del presupuesto, y los aspectos de la reforma capitalista. VSL/ 25.10.2016 | ||
| 650 | 1 | 0 | |9 239 |a CRISIS FISCAL |
| 650 | 1 | 0 | |9 240 |a IMPUESTOS |
| 650 | 1 | 0 | |9 242 |a GASTOS PUBLICOS |
| 650 | 1 | 0 | |9 243 |a ESTADO |
| 650 | 1 | 0 | |9 244 |a EMPRESAS |
| 650 | 1 | 0 | |9 64 |a CAPITALISMO |
| 651 | 1 | 0 | |9 245 |a ESTADOS UNIDOS |
| 942 | |2 ddc |c LI | ||
| 999 | |c 10719 |d 10719 | ||



